Países com Menor Média de Idade - Statistics

Estatísticas Gerais
  • Esse quiz foi jogado 5 223 vezes
    3 768 desde o último reset
  • A pontuação média é 13 de 20
Estatísticas das Respostas
Média de Idade País % Correto
14.8 Níger
83%
16.7 República Democrática do Congo
81%
18.6 Nigéria
78%
15.9 Angola
77%
18.3 Sudão
75%
17.0 Moçambique
71%
18.5 Somália
71%
18.6 Sudão do Sul
70%
16.1 Chade
65%
16.9 Zâmbia
65%
16.0 Mali
64%
15.7 Uganda
62%
18.0 Guiné-Bissau
60%
18.5 Camarões
59%
18.2 Tanzânia
59%
17.7 Burundi
57%
16.8 Malawi
52%
17.0 Benim
50%
17.9 Burkina Faso
50%
18.0 Libéria
50%
Nenhum quiz correspondente encontrado
Distribuição das Pontuações
Porcentagem de Pessoas com Cada Pontuação
Percentil de Números Respondidos
Sua Pontuação Histórica
Você não jogou esse quiz desde o último reset